Statistics for Countries That Are More Than One Word Long

Click here to take the quiz!

General Stats

  • This quiz has been taken 73 times
  • The average score is 30 of 38

Answer Stats

ContinentCountry% Correct
North AmericaDominican Republic
97%
AfricaSouth Sudan
97%
AsiaNorth Korea
95%
AsiaSouth Korea
95%
EuropeUnited Kingdom
93%
North AmericaUnited States of America
93%
AfricaSouth Africa
90%
North AmericaSaint Kitts and Nevis
88%
North AmericaSaint Vincent and the Grenadines
86%
North AmericaAntigua and Barbuda
85%
OceaniaMarshall Islands
85%
OceaniaNew Zealand
85%
North AmericaSaint Lucia
85%
North AmericaEl Salvador
83%
North AmericaTrinidad and Tobago
83%
EuropeBosnia and Herzegovina
81%
AfricaCape Verde
81%
North AmericaCosta Rica
81%
EuropeNorth Macedonia
80%
EuropeSan Marino
80%
OceaniaSolomon Islands
80%
OceaniaPapua New Guinea
78%
AfricaSão Tomé and Príncipe
78%
AsiaUnited Arab Emirates
78%
EuropeVatican City
78%
AfricaCentral African Republic
76%
AsiaSaudi Arabia
73%
OceaniaFederated States of Micronesia
71%
EuropeCzech Republic
69%
AfricaDemocratic Republic of Congo
69%
AfricaGuinea Bissau
69%
AfricaIvory Coast
69%
AfricaBurkina Faso
68%
AfricaEquatorial Guinea
68%
AsiaSri Lanka
68%
AsiaEast Timor
66%
AfricaSierra Leone
66%
AfricaRepublic of Congo
42%

Score Distribution

Percentile by Number Answered

Percent of People with Each Score

Your Score History

You have not taken this quiz